[Event "42. Open Ciutat de Badalona 2016"]
[Site "Badalona ESP"]
[Date "2016.08.05"]
[Round "4.9"]
[White "Mestre Bellido, Hector"]
[Black "Gomez Garrido, Camilo Ernesto"]
[Result "0-1"]
[WhiteElo "2302"]
[BlackElo "2560"]
[PlyCount "60"]
[EventDate "2016.08.02"]
[EventType "swiss"]
[EventRounds "9"]
[EventCountry "ESP"]
[SourceTitle "Ajedrez en Madrid"]
[Source "lmi"]
[SourceDate "2016.08.02"]
[SourceVersion "1"]
[SourceVersionDate "2018.07.18"]
[SourceQuality "1"]

1. Nf3 c5 2. g3 g6 3. Bg2 Bg7 4. c4 Nc6 5. Nc3 Nh6 6. h4 Nf5 7. h5 b6 8. g4 Nd6
9. d3 Bb7 10. Bf4 Nd4 11. e3 Ne6 12. Bg3 a6 13. Qb3 b5 14. Bxd6 exd6 15. cxb5
O-O 16. bxa6 Bxa6 17. Nd2 Rb8 18. Qc2 Re8 19. Nde4 d5 20. Nd6 Nf4 21. O-O-O
Nxg2 22. Nxe8 Qxe8 23. Rh2 Nxe3 24. fxe3 Qxe3+ 25. Kb1 Qd4 26. Re2 Be5 27. Ka1
d6 28. hxg6 hxg6 29. Qa4 Qxc3 30. Qxa6 Rxb2 0-1

[Event "42. Open Ciutat de Badalona 2016"]
[Site "Badalona ESP"]
[Date "2016.08.05"]
[Round "4.10"]
[White "Cruz, Cristhian"]
[Black "Prince, Bajaj"]
[Result "1/2-1/2"]
[WhiteElo "2533"]
[BlackElo "2285"]
[PlyCount "58"]
[EventDate "2016.08.02"]
[EventType "swiss"]
[EventRounds "9"]
[EventCountry "ESP"]
[SourceTitle "Ajedrez en Madrid"]
[Source "lmi"]
[SourceDate "2016.08.02"]
[SourceVersion "1"]
[SourceVersionDate "2018.07.18"]
[SourceQuality "1"]

1. c4 Nf6 2. Nc3 e5 3. g3 d5 4. cxd5 Nxd5 5. Bg2 Nb6 6. Nf3 Nc6 7. O-O Be7 8.
a3 Be6 9. d3 O-O 10. b4 f6 11. Bb2 a5 12. b5 Nd4 13. Nd2 c6 14. bxc6 Nxc6 15.
Na4 Rc8 16. Rc1 Nxa4 17. Qxa4 Nd4 18. Bxd4 Qxd4 19. Qxa5 b6 20. Qa7 Rxc1 21.
Rxc1 Bc5 22. e3 Qxd3 23. Ne4 Bxe3 24. Qe7 Bxc1 25. Qxe6+ Kh8 26. Nd6 Qd1+ 27.
Bf1 Bxa3 28. Nf7+ Rxf7 29. Qxf7 Qd8 1/2-1/2

[Event "42. Open Ciutat de Badalona 2016"]
[Site "Badalona ESP"]
[Date "2016.08.06"]
[Round "5.1"]
[White "Neelotpal, Das"]
[Black "Ortiz Suarez, Isan Reynaldo"]
[Result "0-1"]
[WhiteElo "2472"]
[BlackElo "2564"]
[PlyCount "112"]
[EventDate "2016.08.02"]
[EventType "swiss"]
[EventRounds "9"]
[EventCountry "ESP"]
[SourceTitle "Ajedrez en Madrid"]
[Source "lmi"]
[SourceDate "2016.08.02"]
[SourceVersion "1"]
[SourceVersionDate "2018.07.18"]
[SourceQuality "1"]

1. e4 c5 2. Nf3 d6 3. d4 cxd4 4. Nxd4 Nf6 5. Nc3 a6 6. h3 Nc6 7. g4 Qb6 8. Nb3
e6 9. g5 Nd7 10. h4 Qc7 11. f4 b5 12. Be3 b4 13. Ne2 Bb7 14. Bg2 Nb6 15. Ng3
Nc4 16. Bc1 g6 17. Bf1 d5 18. exd5 exd5 19. Qe2+ Ne7 20. Ne4 O-O-O 21. Bh3+ Kb8
22. Nf6 Ng8 23. Nxg8 Rxg8 24. O-O Bg7 25. Qf2 d4 26. Bg2 Bxg2 27. Qxg2 f5 28.
a3 bxa3 29. bxa3 Rge8 30. Rb1 Ka7 31. Nc5 Nd6 32. Nd3 Ne4 33. Bb2 Rb8 34. Rfd1
Red8 35. Ba1 Rxb1 36. Rxb1 Rc8 37. Rb4 a5 38. Rb2 Rb8 39. Qe2 Rxb2 40. Bxb2 Qc4
41. Qd1 Qa2 42. Kh2 Kb6 43. Qe1 Qc4 44. Qd1 Kc6 45. Qe2 Kd5 46. Kg2 Bf8 47. Qd1
Bd6 48. Kf3 Ke6 49. Kg2 Kf7 50. h5 Qc6 51. hxg6+ hxg6 52. Kf1 Qd5 53. Qe1 Nc5
54. Nxc5 Qxc5 55. Qf2 Qb5+ 56. c4 dxc3+ 0-1

[Event "42. Open Ciutat de Badalona 2016"]
[Site "Badalona ESP"]
[Date "2016.08.06"]
[Round "5.2"]
[White "Barrientos, Sergio E"]
[Black "Peralta, Fernando"]
[Result "1/2-1/2"]
[WhiteElo "2466"]
[BlackElo "2587"]
[PlyCount "122"]
[EventDate "2016.08.02"]
[EventType "swiss"]
[EventRounds "9"]
[EventCountry "ESP"]
[SourceTitle "Ajedrez en Madrid"]
[Source "lmi"]
[SourceDate "2016.08.02"]
[SourceVersion "1"]
[SourceVersionDate "2018.07.18"]
[SourceQuality "1"]

1. e4 c6 2. d4 d5 3. e5 Bf5 4. h4 h6 5. g4 Bd7 6. c4 e6 7. Nc3 c5 8. cxd5 exd5
9. Be3 cxd4 10. Bxd4 Nc6 11. Bb5 Bb4 12. a3 Bxc3+ 13. Bxc3 d4 14. Bd2 Nxe5 15.
Qe2 Bxb5 16. Qxb5+ Nc6 17. O-O-O Nge7 18. Nf3 Qc8 19. Rhg1 a6 20. Qa4 b5 21.
Qc2 O-O 22. Kb1 Qe6 23. h5 Rac8 24. Qd3 Qc4 25. Bc1 Rfd8 26. g5 hxg5 27. Bxg5
Qxd3+ 28. Rxd3 Kh7 29. h6 f6 30. hxg7 fxg5 31. Nxg5+ Kg8 32. Ne6 Rd6 33. Rh3
Kf7 34. Ng5+ Kxg7 35. Ne6+ Kf7 36. Ng5+ Kg7 37. Ne6+ Kf7 38. Ng5+ Ke8 39. Ne4
Kd7 40. Nxd6 Kxd6 41. Rh6+ Kd7 42. Rf6 Rh8 43. Kc2 Rh5 44. b4 Rh3 45. Rg3 Rh1
46. Rg7 Ra1 47. Kb2 Re1 48. Kc2 Ra1 49. Kb2 Rf1 50. Kc2 Ne5 51. Rxa6 Rxf2+ 52.
Kd1 N5c6 53. a4 Rf1+ 54. Ke2 Rf5 55. axb5 Re5+ 56. Kd3 Re3+ 57. Kd2 Nxb4 58.
Ra4 Rd3+ 59. Ke2 Re3+ 60. Kd2 Rd3+ 61. Ke2 Re3+ 1/2-1/2

[Event "42. Open Ciutat de Badalona 2016"]
[Site "Badalona ESP"]
[Date "2016.08.06"]
[Round "5.3"]
[White "Gonzalez Garcia, Jose"]
[Black "Perez Mitjans, Orelvis"]
[Result "1-0"]
[WhiteElo "2498"]
[BlackElo "2457"]
[PlyCount "95"]
[EventDate "2016.08.02"]
[EventType "swiss"]
[EventRounds "9"]
[EventCountry "ESP"]
[SourceTitle "Ajedrez en Madrid"]
[Source "lmi"]
[SourceDate "2016.08.02"]
[SourceVersion "1"]
[SourceVersionDate "2018.07.18"]
[SourceQuality "1"]

1. Nf3 Nc6 2. e4 e5 3. Bb5 a6 4. Ba4 Nf6 5. O-O Be7 6. d3 b5 7. Bb3 d6 8. a3
O-O 9. Nc3 Bg4 10. Be3 Na5 11. Ba2 c5 12. Nd5 Nc6 13. c3 Kh8 14. h3 Bh5 15. b4
Nd7 16. Qe2 Bg5 17. Qd2 Bxe3 18. Qxe3 cxb4 19. g4 b3 20. Bxb3 Bg6 21. a4 Nc5
22. Bc2 Ne6 23. axb5 axb5 24. Rxa8 Qxa8 25. Nh4 b4 26. cxb4 Ned4 27. Bd1 f6 28.
Nxg6+ hxg6 29. f4 Qb7 30. Qd2 Ne7 31. Ne3 Rb8 32. Nc4 Ne6 33. f5 Nf4 34. Kh2 d5
35. exd5 gxf5 36. d6 Ned5 37. gxf5 Qd7 38. Bf3 Nxb4 39. Be4 Nbd5 40. Qf2 g5 41.
Ra1 Qh7 42. Qf3 Nc3 43. Bc6 Nce2 44. Be4 Qh4 45. Rf1 g4 46. Qxg4 Qh7 47. Ra1
Rg8 48. Qxg8+ 1-0

[Event "42. Open Ciutat de Badalona 2016"]
[Site "Badalona ESP"]
[Date "2016.08.06"]
[Round "5.4"]
[White "Oliva Castaneda, Kevel"]
[Black "Hansen, Mads"]
[Result "1/2-1/2"]
[WhiteElo "2491"]
[BlackElo "2344"]
[PlyCount "119"]
[EventDate "2016.08.02"]
[EventType "swiss"]
[EventRounds "9"]
[EventCountry "ESP"]
[SourceTitle "Ajedrez en Madrid"]
[Source "lmi"]
[SourceDate "2016.08.02"]
[SourceVersion "1"]
[SourceVersionDate "2018.07.18"]
[SourceQuality "1"]

1. d4 d5 2. c4 c6 3. Nf3 Nf6 4. Nc3 e6 5. e3 Nbd7 6. Qc2 Bd6 7. b3 b6 8. Bb2
Bb7 9. Be2 O-O 10. O-O Qe7 11. Rac1 Rad8 12. Rfd1 c5 13. cxd5 exd5 14. Bf1 a6
15. Qf5 Qe6 16. Qxe6 fxe6 17. Na4 Rc8 18. Bd3 Rfe8 19. dxc5 bxc5 20. Nd2 Rc7
21. Ba3 Rec8 22. Bf1 Rc6 23. Rc2 Nb6 24. Nxb6 Rxb6 25. Rdc1 Nd7 26. g3 a5 27.
e4 a4 28. Bh3 Bf8 29. exd5 axb3 30. Bxe6+ Rxe6 31. dxe6 bxc2 32. exd7 Rd8 33.
Rxc2 Rxd7 34. f4 Bd5 35. Nf1 g6 36. Ne3 Be4 37. Rc4 Bb1 38. Bxc5 Bxa2 39. Rc2
Bb1 40. Rc4 Ba2 41. Rc2 Bb1 42. Rc1 Rc7 43. Rxb1 Bxc5 44. Rb3 h5 45. Kg2 Bxe3
46. Rxe3 Rc2+ 47. Kh3 Kg7 48. Re6 Rf2 49. Kh4 Kh6 50. h3 Rf3 51. Re7 Rf1 52.
Rf7 Rf2 53. Rf6 Rf1 54. Rd6 Rf2 55. Rd7 Rf1 56. Rf7 Rf2 57. g4 Rxf4 58. Rxf4
g5+ 59. Kg3 gxf4+ 60. Kxf4 1/2-1/2

[Event "42. Open Ciutat de Badalona 2016"]
[Site "Badalona ESP"]
[Date "2016.08.06"]
[Round "5.5"]
[White "Gomez Garrido, Camilo Ernesto"]
[Black "Aguero Jimenez, Luis Lazaro"]
[Result "1/2-1/2"]
[WhiteElo "2560"]
[BlackElo "2388"]
[PlyCount "25"]
[EventDate "2016.08.02"]
[EventType "swiss"]
[EventRounds "9"]
[EventCountry "ESP"]
[SourceTitle "Ajedrez en Madrid"]
[Source "lmi"]
[SourceDate "2016.08.02"]
[SourceVersion "1"]
[SourceVersionDate "2018.07.18"]
[SourceQuality "1"]

1. d4 e6 2. c4 Bb4+ 3. Bd2 Bxd2+ 4. Qxd2 d5 5. Nf3 Nf6 6. g3 O-O 7. Bg2 c6 8.
Qc2 Nbd7 9. Nbd2 b6 10. O-O Bb7 11. e4 Nxe4 12. Nxe4 dxe4 13. Qxe4 1/2-1/2

[Event "42. Open Ciutat de Badalona 2016"]
[Site "Badalona ESP"]
[Date "2016.08.06"]
[Round "5.6"]
[White "Himanshu, Sharma"]
[Black "Valdes Romero, Leonardo"]
[Result "1-0"]
[WhiteElo "2437"]
[BlackElo "2386"]
[PlyCount "87"]
[EventDate "2016.08.02"]
[EventType "swiss"]
[EventRounds "9"]
[EventCountry "ESP"]
[SourceTitle "Ajedrez en Madrid"]
[Source "lmi"]
[SourceDate "2016.08.02"]
[SourceVersion "1"]
[SourceVersionDate "2018.07.18"]
[SourceQuality "1"]

1. e4 d6 2. g3 g6 3. Bg2 Bg7 4. Ne2 Nf6 5. O-O O-O 6. Nbc3 c5 7. d4 Nbd7 8. h3
Rb8 9. a4 b6 10. Re1 Bb7 11. g4 a6 12. d5 Bc8 13. Ng3 b5 14. axb5 axb5 15. g5
Ne8 16. Qe2 Nc7 17. Nd1 e6 18. Ne3 exd5 19. Nxd5 Nxd5 20. exd5 Ne5 21. Ra7 Re8
22. Kh1 Bd7 23. Ne4 Bf5 24. Bf4 Bxe4 25. Qxe4 Nc4 26. Qxe8+ Qxe8 27. Rxe8+ Rxe8
28. b3 Ne5 29. Bf1 b4 30. Kg2 Rd8 31. Bb5 f6 32. h4 f5 33. Kg3 Rb8 34. Bd7 c4
35. Be6+ Kh8 36. h5 gxh5 37. Bxe5 Bxe5+ 38. f4 Bd4 39. Rf7 cxb3 40. cxb3 Bg7
41. Kh4 Rf8 42. Rd7 Bc3 43. Kxh5 h6 44. Kg6 1-0

[Event "42. Open Ciutat de Badalona 2016"]
[Site "Badalona ESP"]
[Date "2016.08.06"]
[Round "5.7"]
[White "Cruz, Jonathan"]
[Black "Perpinya Rofes, Lluis Maria"]
[Result "1-0"]
[WhiteElo "2433"]
[BlackElo "2341"]
[PlyCount "169"]
[EventDate "2016.08.02"]
[EventType "swiss"]
[EventRounds "9"]
[EventCountry "ESP"]
[SourceTitle "Ajedrez en Madrid"]
[Source "lmi"]
[SourceDate "2016.08.02"]
[SourceVersion "1"]
[SourceVersionDate "2018.07.18"]
[SourceQuality "1"]

1. e4 c5 2. Nf3 Nc6 3. Bb5 e6 4. c3 d5 5. exd5 Qxd5 6. O-O Nf6 7. Na3 Be7 8.
Bc4 Qd8 9. Nc2 Qc7 10. d4 cxd4 11. Ncxd4 O-O 12. Nxc6 Qxc6 13. Ne5 Qc7 14. Bf4
Bd6 15. Qd4 Nh5 16. Rad1 Bc5 17. Nd3 Nxf4 18. Qxc5 Qxc5 19. Nxc5 b6 20. Nd7 Re8
21. g3 Nd5 22. Ne5 Bb7 23. Bb5 Red8 24. c4 Ne7 25. Bd7 Kf8 26. f4 f6 27. Ng4
Nf5 28. Kf2 Ke7 29. Ba4 Rac8 30. Bc2 Rxd1 31. Rxd1 Rxc4 32. Bxf5 exf5 33. Ne3
Rc5 34. b4 Rc7 35. Nxf5+ Ke6 36. Nd4+ Kf7 37. Nb5 Rc2+ 38. Ke3 Bc6 39. Nd4 Rc3+
40. Rd3 Rxd3+ 41. Kxd3 Bd5 42. Nb5 a6 43. Nc7 Bxa2 44. Nxa6 Ke6 45. Nc7+ Kd7
46. Nb5 Kc6 47. Nc3 Bd5 48. Kd4 Bf3 49. Nb1 Kb5 50. Nd2 Be2 51. Kc3 Kc6 52. Nb3
Kd5 53. Nd4 Bg4 54. Nb5 Bd7 55. Na3 Ke4 56. Nc4 b5 57. Nb6 Be6 58. Na8 Kf3 59.
Nc7 Bd7 60. Kd4 Kg2 61. Ke3 Kxh2 62. Kf2 h5 63. f5 Bxf5 64. Nxb5 Be4 65. Nd6
Bd5 66. Ne8 Kh3 67. Nxg7 h4 68. gxh4 Kxh4 69. b5 Kg5 70. Ke3 f5 71. Kd4 Bb7 72.
Ke5 Bc8 73. b6 f4 74. Ne6+ Kg6 75. Nxf4+ Kf7 76. Kd6 Bb7 77. Kc7 Bf3 78. Kd7
Bb7 79. Kd6 Ba8 80. Ne6 Kf6 81. Nd4 Bb7 82. Nc6 Kg7 83. Kc7 Ba8 84. Nd8 Kg8 85.
Nb7 1-0

[Event "42. Open Ciutat de Badalona 2016"]
[Site "Badalona ESP"]
[Date "2016.08.06"]
[Round "5.8"]
[White "Sylvan, Jacob"]
[Black "Ortega Amarelle, Mariano"]
[Result "1/2-1/2"]
[WhiteElo "2342"]
[BlackElo "2432"]
[PlyCount "140"]
[EventDate "2016.08.02"]
[EventType "swiss"]
[EventRounds "9"]
[EventCountry "ESP"]
[SourceTitle "Ajedrez en Madrid"]
[Source "lmi"]
[SourceDate "2016.08.02"]
[SourceVersion "1"]
[SourceVersionDate "2018.07.18"]
[SourceQuality "1"]

1. e4 c5 2. Nf3 d6 3. d4 cxd4 4. Nxd4 Nf6 5. Nc3 Nc6 6. Bg5 e6 7. Qd2 a6 8.
O-O-O Bd7 9. f3 Be7 10. h4 h6 11. Be3 h5 12. Bg5 Ne5 13. Kb1 b5 14. Qe1 Qc7 15.
Rc1 Rb8 16. f4 Neg4 17. Bd3 g6 18. Nf3 b4 19. Nd1 e5 20. fxe5 dxe5 21. Ne3 Nxe3
22. Qxe3 Ng4 23. Qe2 f6 24. Bd2 Be6 25. Nh2 Nxh2 26. Rxh2 O-O 27. Rhh1 a5 28.
Qe3 Bc5 29. Qg3 Qf7 30. b3 Kh7 31. Rhf1 a4 32. Be2 Qa7 33. Bc4 Bxc4 34. bxc4 b3
35. cxb3 axb3 36. axb3 Ra8 37. Kc2 Qa2+ 38. Kd1 Rfd8 39. Qc3 Rd6 40. Rc2 Qa6
41. Ke2 Qb7 42. Qf3 Rd4 43. Re1 Ra3 44. Rb1 Qxe4+ 45. Qxe4 Rxe4+ 46. Kf3 Rd4
47. Ke2 Rxh4 48. Bc1 Ra8 49. b4 Rb8 50. Bd2 Rg4 51. Kf1 h4 52. Rbb2 Bd4 53. Ra2
g5 54. c5 Kg6 55. c6 h3 56. gxh3 Rg1+ 57. Ke2 e4 58. Rc4 Rg2+ 59. Kf1 Rf2+ 60.
Ke1 Bb6 61. Rxe4 Rf3 62. Ra6 Rxh3 63. Rc4 Rh1+ 64. Ke2 Rh2+ 65. Kd1 Bc7 66. Ra7
Rd8 67. Rxc7 Rdxd2+ 68. Kc1 Ra2 69. Kb1 Rab2+ 70. Kc1 Ra2 1/2-1/2

[Event "42. Open Ciutat de Badalona 2016"]
[Site "Badalona ESP"]
[Date "2016.08.06"]
[Round "5.9"]
[White "Cortes Orihuela, Javier"]
[Black "Vera Siguenas, Deivy"]
[Result "0-1"]
[WhiteElo "2247"]
[BlackElo "2496"]
[PlyCount "131"]
[EventDate "2016.08.02"]
[EventType "swiss"]
[EventRounds "9"]
[EventCountry "ESP"]
[SourceTitle "Ajedrez en Madrid"]
[Source "lmi"]
[SourceDate "2016.08.02"]
[SourceVersion "1"]
[SourceVersionDate "2018.07.18"]
[SourceQuality "1"]

1. d4 Nf6 2. c4 g6 3. Nc3 Bg7 4. e4 d6 5. Nf3 O-O 6. h3 e5 7. d5 a5 8. Bg5 Na6
9. Nd2 Qe8 10. Be2 Nd7 11. a3 f6 12. Bh4 Nb6 13. b3 Nc5 14. O-O Bh6 15. Rb1 f5
16. Qc2 Bxd2 17. Qxd2 Nxe4 18. Nxe4 fxe4 19. Qe3 Qf7 20. Bg5 Qe8 21. g4 Nd7 22.
Bh6 Rf7 23. f3 exf3 24. Rxf3 Rxf3 25. Qxf3 e4 26. Qe3 Ne5 27. Rf1 Nf7 28. Rf4
Bd7 29. Rxe4 Qd8 30. Bf4 g5 31. Bg3 Qf6 32. Kh2 b6 33. Kg2 Kf8 34. Be1 Ne5 35.
Bc3 Re8 36. b4 axb4 37. axb4 Re7 38. Bxe5 dxe5 39. Qf3 Kg7 40. Qxf6+ Kxf6 41.
Bd3 h5 42. gxh5 Bf5 43. Re3 e4 44. Be2 Ke5 45. Bg4 Kf4 46. Kf2 Bxg4 47. hxg4
Kxg4 48. h6 Kf4 49. Rh3 Rh7 50. c5 bxc5 51. bxc5 g4 52. Rh1 e3+ 53. Kg2 e2 54.
Kf2 g3+ 55. Kxe2 g2 56. Rg1 Kg3 57. Ke3 Rxh6 58. Ke4 Kf2 59. Rxg2+ Kxg2 60. Ke5
Kf3 61. d6 Rh5+ 62. Kd4 c6 63. Kc4 Rh4+ 64. Kc3 Ke4 65. Kb4 Kd5+ 66. Ka5 0-1

[Event "42. Open Ciutat de Badalona 2016"]
[Site "Badalona ESP"]
[Date "2016.08.06"]
[Round "5.10"]
[White "Prince, Bajaj"]
[Black "Cordova, Emilio"]
[Result "0-1"]
[WhiteElo "2285"]
[BlackElo "2627"]
[PlyCount "68"]
[EventDate "2016.08.02"]
[EventType "swiss"]
[EventRounds "9"]
[EventCountry "ESP"]
[SourceTitle "Ajedrez en Madrid"]
[Source "lmi"]
[SourceDate "2016.08.02"]
[SourceVersion "1"]
[SourceVersionDate "2018.07.18"]
[SourceQuality "1"]

1. e4 c5 2. Nf3 a6 3. c3 e6 4. d4 d5 5. exd5 exd5 6. Bd3 Nc6 7. Qe2+ Qe7 8. Be3
c4 9. Bc2 g6 10. O-O Bg7 11. Re1 Nf6 12. Bf4 Be6 13. Ng5 O-O 14. Nxe6 fxe6 15.
Nd2 Nh5 16. Bg3 Rae8 17. Nf3 Qd8 18. b3 Nxg3 19. hxg3 e5 20. dxe5 Nxe5 21. Nxe5
Rxe5 22. Qd2 Rh5 23. g4 Rg5 24. Rad1 Kh8 25. bxc4 Rxg4 26. cxd5 Qh4 27. d6 Bh6
28. f4 Bxf4 29. Qd4+ Rf6 30. Qxf6+ Qxf6 31. d7 Bc7 32. d8=Q+ Bxd8 33. Re8+ Kg7
34. Rexd8 Qxc3 0-1

[Event "42. Open Ciutat de Badalona 2016"]
[Site "Badalona ESP"]
[Date "2016.08.07"]
[Round "6.2"]
[White "Peralta, Fernando"]
[Black "Himanshu, Sharma"]
[Result "1/2-1/2"]
[WhiteElo "2587"]
[BlackElo "2437"]
[PlyCount "143"]
[EventDate "2016.08.02"]
[EventType "swiss"]
[EventRounds "9"]
[EventCountry "ESP"]
[SourceTitle "Ajedrez en Madrid"]
[Source "lmi"]
[SourceDate "2016.08.02"]
[SourceVersion "1"]
[SourceVersionDate "2018.07.18"]
[SourceQuality "1"]

1. d4 d5 2. c4 c6 3. Nf3 Nf6 4. Nc3 a6 5. e3 b5 6. b3 Bg4 7. Qc2 e6 8. Ne5 Bf5
9. Bd3 Bxd3 10. Nxd3 Bd6 11. c5 Be7 12. a4 bxa4 13. Rxa4 O-O 14. O-O Qc7 15.
Bd2 Nbd7 16. Rfa1 e5 17. Rxa6 Rxa6 18. Rxa6 e4 19. Nf4 g5 20. Nfe2 Ng4 21. g3
Qc8 22. Ra7 f5 23. b4 Qe8 24. h3 Ngf6 25. Qd1 Qh5 26. Qf1 Qf7 27. b5 cxb5 28.
Nxb5 Nb8 29. Rb7 Nc6 30. Rb6 Qe8 31. Na3 Qc8 32. Nc2 Bd8 33. Rb1 Bc7 34. Ra1
Ne7 35. Nb4 Kh8 36. Ra6 Qd7 37. Ra7 Qc8 38. Nc3 f4 39. exf4 gxf4 40. Rxc7 Qxc7
41. Bxf4 Qb7 42. Bd6 Rf7 43. Qb5 Qxb5 44. Nxb5 Kg8 45. Nc3 Nf5 46. Be5 e3 47.
fxe3 Nxe3 48. Bf4 Rb7 49. Bxe3 Rxb4 50. Bg5 Rc4 51. Bxf6 Rxc3 52. Be5 h5 53.
Kf2 Kf7 54. Ke2 Ke6 55. Kd2 Ra3 56. c6 h4 57. gxh4 Rxh3 58. c7 Kd7 59. Kc2 Kc8
60. Kd2 Kb7 61. Ke2 Rxh4 62. Kf3 Re4 63. Kf2 Kc8 64. Kf3 Kd7 65. Kf2 Kc8 66.
Kf3 Re1 67. Kf4 Kd7 68. Kf5 Rf1+ 69. Bf4 Re1 70. Be5 Rf1+ 71. Bf4 Re1 72. Be5
1/2-1/2

[Event "42. Open Ciutat de Badalona 2016"]
[Site "Badalona ESP"]
[Date "2016.08.07"]
[Round "6.3"]
[White "Cruz, Jonathan"]
[Black "Oliva Castaneda, Kevel"]
[Result "1/2-1/2"]
[WhiteElo "2433"]
[BlackElo "2491"]
[PlyCount "113"]
[EventDate "2016.08.02"]
[EventType "swiss"]
[EventRounds "9"]
[EventCountry "ESP"]
[SourceTitle "Ajedrez en Madrid"]
[Source "lmi"]
[SourceDate "2016.08.02"]
[SourceVersion "1"]
[SourceVersionDate "2018.07.18"]
[SourceQuality "1"]

1. e4 c5 2. Nf3 e6 3. b3 b6 4. Bb2 Bb7 5. Nc3 d6 6. d4 cxd4 7. Bb5+ Nd7 8. Qxd4
Qc7 9. Ba4 Rd8 10. Nb5 Qxc2 11. O-O Ngf6 12. Ba3 Nxe4 13. Rac1 Qxa2 14. Bxd6
Nxd6 15. Nxd6+ Bxd6 16. Qxd6 b5 17. Bxb5 Qa5 18. Qc5 Qb6 19. Qxb6 axb6 20. Rc7
Bd5 21. Ra1 O-O 22. Bxd7 Bxb3 23. Rb1 Bd5 24. Ne5 f6 25. Nc6 Rxd7 26. Rxd7 Bxc6
27. Rc7 Bd5 28. Rxb6 Rf7 29. Rb8+ Rf8 30. Rxf8+ Kxf8 31. f4 h5 32. Kf2 Kg8 33.
g3 Kh7 34. Ke3 Kh6 35. Kd4 Bf3 36. Rf7 Bg4 37. Kc5 h4 38. Kd6 hxg3 39. hxg3 Kg6
40. Re7 Bh3 41. Kc5 Kh6 42. Rf7 Kg6 43. Ra7 Kh6 44. Kd6 Kg6 45. Ra5 Bf5 46. Ke7
Kh5 47. Kf7 Kg4 48. Kxg7 Kxg3 49. Ra4 e5 50. Kxf6 Bd7 51. Ra7 exf4 52. Rxd7 f3
53. Rg7+ Kh2 54. Ke5 f2 55. Rf7 Kg2 56. Rxf2+ Kxf2 57. Kd5 1/2-1/2

[Event "42. Open Ciutat de Badalona 2016"]
[Site "Badalona ESP"]
[Date "2016.08.07"]
[Round "6.4"]
[White "Hansen, Mads"]
[Black "Neelotpal, Das"]
[Result "1/2-1/2"]
[WhiteElo "2344"]
[BlackElo "2472"]
[PlyCount "65"]
[EventDate "2016.08.02"]
[EventType "swiss"]
[EventRounds "9"]
[EventCountry "ESP"]
[SourceTitle "Ajedrez en Madrid"]
[Source "lmi"]
[SourceDate "2016.08.02"]
[SourceVersion "1"]
[SourceVersionDate "2018.07.18"]
[SourceQuality "1"]

1. e4 e5 2. Nf3 Nc6 3. Bb5 a6 4. Ba4 Nf6 5. O-O Be7 6. Re1 b5 7. Bb3 O-O 8. h3
Bb7 9. d3 d5 10. exd5 Nxd5 11. a4 Nd4 12. Nbd2 Nxb3 13. Nxb3 f6 14. Na5 Qc8 15.
c3 Bc5 16. Nh4 Bb6 17. Nxb7 Qxb7 18. axb5 axb5 19. Rxa8 Qxa8 20. Qg4 Qc8 21.
Nf5 g6 22. Nh6+ Kh8 23. Qf3 c6 24. Ng4 Qf5 25. Qxf5 gxf5 26. Nh6 f4 27. Nf5 Kg8
28. Bd2 Rd8 29. Kf1 Kf7 30. g3 fxg3 31. fxg3 Ne7 32. Nxe7 Kxe7 33. Ke2 1/2-1/2

[Event "42. Open Ciutat de Badalona 2016"]
[Site "Badalona ESP"]
[Date "2016.08.07"]
[Round "6.5"]
[White "Cruz, Cristhian"]
[Black "Barrientos, Sergio E"]
[Result "1-0"]
[WhiteElo "2533"]
[BlackElo "2466"]
[PlyCount "109"]
[EventDate "2016.08.02"]
[EventType "swiss"]
[EventRounds "9"]
[EventCountry "ESP"]
[SourceTitle "Ajedrez en Madrid"]
[Source "lmi"]
[SourceDate "2016.08.02"]
[SourceVersion "1"]
[SourceVersionDate "2018.07.18"]
[SourceQuality "1"]

1. d4 Nf6 2. c4 e6 3. Nc3 Bb4 4. e3 c5 5. Nge2 cxd4 6. exd4 O-O 7. a3 Be7 8.
Nf4 Re8 9. Bd3 Nc6 10. Be3 b6 11. O-O Bb7 12. d5 Ne5 13. Be2 Qb8 14. h3 Rc8 15.
b3 Bc5 16. Bxc5 bxc5 17. Qd2 Ng6 18. Nxg6 hxg6 19. dxe6 dxe6 20. Qe3 Bc6 21.
Rfb1 Qb7 22. Bf1 a5 23. Qxc5 Be4 24. Qe3 Bxb1 25. Rxb1 Qa7 26. Qe1 Rd8 27. b4
axb4 28. axb4 Rab8 29. c5 Qc7 30. Nb5 Qc6 31. Nd6 Nd5 32. Ne4 Nc7 33. Nd6 Nd5
34. Qe4 Rd7 35. Qc4 Rc7 36. Ne4 Qa4 37. Nc3 Qc2 38. Nxd5 Qxc4 39. Bxc4 exd5 40.
Bd3 Kf8 41. Kf1 Ke7 42. Ke2 Rcb7 43. b5 Rc7 44. Rc1 d4 45. b6 Rcc8 46. Ba6 Rc6
47. Bb5 d3+ 48. Kd2 Rf6 49. c6 Rxf2+ 50. Kxd3 Rd8+ 51. Kc4 Rf4+ 52. Kc5 Rf5+
53. Kb4 Rd4+ 54. Ka5 Rf2 55. b7 1-0

[Event "42. Open Ciutat de Badalona 2016"]
[Site "Badalona ESP"]
[Date "2016.08.07"]
[Round "6.6"]
[White "Cordova, Emilio"]
[Black "Sylvan, Jacob"]
[Result "1-0"]
[WhiteElo "2627"]
[BlackElo "2342"]
[PlyCount "59"]
[EventDate "2016.08.02"]
[EventType "swiss"]
[EventRounds "9"]
[EventCountry "ESP"]
[SourceTitle "Ajedrez en Madrid"]
[Source "lmi"]
[SourceDate "2016.08.02"]
[SourceVersion "1"]
[SourceVersionDate "2018.07.18"]
[SourceQuality "1"]

1. d4 g6 2. Bf4 Bg7 3. e3 Nf6 4. Nf3 O-O 5. h3 c5 6. c3 d6 7. Be2 cxd4 8. exd4
Nc6 9. Na3 a6 10. Nc2 b5 11. a4 bxa4 12. d5 Nb8 13. Rxa4 Nbd7 14. Bc1 Bb7 15.
Ne3 a5 16. Rh4 Nc5 17. O-O a4 18. Ng4 h5 19. Nh6+ Kh8 20. Nd4 Bxd5 21. Bxh5
gxh5 22. Rxh5 Nxh5 23. Qxh5 Be4 24. Nhf5+ Kg8 25. Qg4 Bxf5 26. Nxf5 Ne6 27. Re1
Qa5 28. Nxe7+ Kh7 29. Qh4+ Bh6 30. Qxh6# 1-0

[Event "42. Open Ciutat de Badalona 2016"]
[Site "Badalona ESP"]
[Date "2016.08.07"]
[Round "6.7"]
[White "Ortega Amarelle, Mariano"]
[Black "Gomez Garrido, Camilo Ernesto"]
[Result "1/2-1/2"]
[WhiteElo "2432"]
[BlackElo "2560"]
[PlyCount "24"]
[EventDate "2016.08.02"]
[EventType "swiss"]
[EventRounds "9"]
[EventCountry "ESP"]
[SourceTitle "Ajedrez en Madrid"]
[Source "lmi"]
[SourceDate "2016.08.02"]
[SourceVersion "1"]
[SourceVersionDate "2018.07.18"]
[SourceQuality "1"]

1. d4 d5 2. c4 dxc4 3. Nf3 Nf6 4. e3 e6 5. Bxc4 c5 6. O-O a6 7. dxc5 Bxc5 8.
Qxd8+ Kxd8 9. Nbd2 Ke7 10. b3 b6 11. Bb2 Bb7 12. Be2 Nbd7 1/2-1/2